000 00219nam a22000857a 4500
008 161013b xxu||||| |||| 00| 0 eng d
100 _9832
_aGoscinny.R.
245 _aThe Laurel Wreath
260 _aUSA
_bOrion Publications
_c2004
999 _c3484
_d3484